[Event "34th Chess Olympiad (men)"]
[Site "Istanbul"]
[Date "2000.11.08"]
[Round "11.45.3"]
[White "Cukerman, Diego"]
[Black "Cochrane, John Miles"]
[WhiteElo "2000"]
[BlackElo "2223"]
[WhiteCountry "URU"]
[BlackCountry "ZIM"]
[Result "1-0"]

1. e4 Nc6 2. Nf3 d5 3. exd5 Qxd5 4. Nc3 Qa5 5. Be2 Bg4 6. d3 O-O-O 7. Ng5 Bxe2 
8. Qxe2 Nd4 9. Qd1 Nh6 10. O-O f6 11. Nge4 g5 12. b4 Qf5 13. Ne2 e5 
14. c3 Nxe2+ 15. Qxe2 Be7 16. a4 Qg6 17. Rd1 Rhe8 18. Nc5 Bxc5 19. bxc5 Rd5 
20. Rb1 Rxc5 21. Be3 Ra5 22. Qb2 b6 23. c4 Rd8 24. c5 f5 25. cxb6 axb6 
26. Rdc1 Kd7 27. Rxc7+ Ke8 28. Bxb6 Rad5 29. Bc5 Ng8 30. Qb5+ 
1-0

[Event "34th Chess Olympiad (men)"]
[Site "Istanbul"]
[Date "2000.11.08"]
[Round "11.45.4"]
[White "Mangwengwende, John"]
[Black "Muniz, Rafael"]
[WhiteElo "2170"]
[BlackElo "2131"]
[WhiteCountry "ZIM"]
[BlackCountry "URU"]
[Result "0-1"]

1. e4 c5 2. Nf3 e6 3. d4 cxd4 4. Nxd4 Nf6 5. Bd3 Nc6 6. Nxc6 bxc6 7. O-O d5 
8. e5 Nd7 9. f4 Nc5 10. Be2 Be7 11. Nd2 O-O 12. Kh1 f6 13. Nf3 Ne4 14. Bd3 f5 
15. c3 Qe8 16. Nd4 Bd7 17. Bxe4 fxe4 18. Be3 a5 19. g4 Bc5 20. Qe1 Qe7 
21. Qg3 Ba7 22. Rf2 c5 23. Nc2 Bc6 24. Kg1 Rad8 25. Rd1 Bb5 26. f5 Bd3 
27. f6 Qf7 28. fxg7 Qxg7 29. Qh4 Qg6 30. Bh6 Bxc2 31. Rdf1 c4 32. Kh1 Bxf2 
33. Rxf2 e3 
0-1

[Event "34th Chess Olympiad (men)"]
[Site "Istanbul"]
[Date "2000.11.08"]
[Round "11.46.1"]
[White "Wijesurija, G Laxman"]
[Black "Santos Simao, Amorim"]
[WhiteElo "2160"]
[BlackElo "2000"]
[WhiteCountry "SRI"]
[BlackCountry "ANG"]
[Result "0-1"]

1. d4 Nf6 2. Nf3 g6 3. Bg5 Ne4 4. Bf4 Bg7 5. Nbd2 d5 6. e3 O-O 7. Nxe4 dxe4 
8. Nd2 c5 9. c3 cxd4 10. exd4 Qa5 11. Bc4 Nc6 12. Qe2 e5 13. dxe5 Nxe5 
14. Bxe5 Qxe5 15. Qxe4 Qd6 16. O-O-O Bf5 17. Qd5 Qc7 18. Qf3 Rad8 19. g4 Bh6 
20. gxf5 Qxc4 21. Kc2 Bxd2 22. Rxd2 Qa4+ 23. Kc1 Rxd2 24. Kxd2 Rd8+ 
25. Kc1 Qxa2 26. fxg6 hxg6 27. Qxb7 Rd5 28. Kc2 Qa4+ 29. Kb1 Qe4+ 
0-1

[Event "34th Chess Olympiad (men)"]
[Site "Istanbul"]
[Date "2000.11.08"]
[Round "11.46.2"]
[White "Campos, Eugenio"]
[Black "De Silva, Nirosh"]
[WhiteElo "2238"]
[BlackElo "2162"]
[WhiteCountry "ANG"]
[BlackCountry "SRI"]
[Result "0-1"]

1. d4 Nf6 2. c4 e6 3. Nc3 Bb4 4. e3 O-O 5. Nge2 c5 6. a3 Bxc3+ 7. Nxc3 cxd4 
8. exd4 d5 9. Bg5 dxc4 10. Bxc4 h6 11. Be3 Nd5 12. Nxd5 exd5 13. Bd3 Nc6 
14. O-O f5 15. f4 Qf6 16. Bc2 Na5 17. b3 b6 18. Re1 Be6 19. Qd3 Nb7 
20. Bd2 Rfe8 21. Re5 Nd6 22. Rae1 Ne4 23. b4 Red8 24. Bb3 Bf7 25. Rc1 Rac8 
26. Rxc8 Rxc8 27. b5 Qd6 28. Rxf5 Qxa3 29. h4 Nxd2 30. Rxf7 Qc1+ 31. Kh2 Nf1+ 
32. Kg1 Ne3+ 
0-1

[Event "34th Chess Olympiad (men)"]
[Site "Istanbul"]
[Date "2000.11.08"]
[Round "11.46.3"]
[White "Athukorala, Anuradha.b"]
[Black "Assis Pedro, Aderito"]
[WhiteElo "2000"]
[BlackElo "2000"]
[WhiteCountry "SRI"]
[BlackCountry "ANG"]
[Result "0-1"]

1. Nf3 Nf6 2. d4 e6 3. c4 b6 4. g3 Bb7 5. Bg2 Bb4+ 6. Bd2 Be7 7. O-O c5 
8. dxc5 bxc5 9. Nc3 O-O 10. Bf4 Qb6 11. Nb5 Ne8 12. a4 d5 13. Qc2 Nc6 
14. Bd2 a6 15. a5 Qd8 16. cxd5 exd5 17. Nc3 Nb4 18. Qb1 Nf6 19. Rd1 d4 
20. Na2 Be4 21. Qc1 Nxa2 22. Rxa2 Qd5 23. Ra1 Rab8 24. Ne1 Bxg2 25. Nxg2 Rb3 
26. Be1 Qb7 27. Rb1 Rb8 28. Qc4 Qb5 29. Qxb5 R8xb5 30. e3 d3 31. Nf4 c4 
32. Rbc1 Rc5 33. Bc3 Bd6 34. Bd4 Rc7 35. Bxf6 gxf6 36. Nd5 Rc6 37. Nxf6+ Kh8 
38. Ne4 Be5 39. Nd2 Rb4 40. b3 c3 41. Nc4 Rcxc4 42. bxc4 c2 43. Rf1 Bb2 
44. Rcd1 Rxc4 45. Rxd3 c1=Q 46. Rxc1 Rxc1+ 47. Kg2 Ra1 48. Rb3 Bc1 49. h4 Rxa5 
50. g4 Kg7 51. f4 Ra3 52. Rxa3 Bxa3 53. f5 Kf6 54. e4 h6 55. Kf3 Bc1 
56. Ke2 Bf4 57. Kd3 Ke5 
0-1

[Event "34th Chess Olympiad (men)"]
[Site "Istanbul"]
[Date "2000.11.08"]
[Round "11.46.4"]
[White "Domingos, Manuel"]
[Black "Yapa, Mayura"]
[WhiteElo "2000"]
[BlackElo "2000"]
[WhiteCountry "ANG"]
[BlackCountry "SRI"]
[Result "1-0"]

1. e4 c5 2. Nf3 Nc6 3. Bb5 g6 4. O-O Bg7 5. Re1 e5 6. Bxc6 dxc6 7. h3 h6 
8. d3 Qe7 9. Be3 g5 10. Nh2 h5 11. f3 Bd7 12. Nd2 Bf6 13. a3 b6 14. b4 c4 
15. Nxc4 Nh6 16. Qd2 Ng8 17. Rf1 g4 18. fxg4 hxg4 19. Nxg4 Bxg4 20. hxg4 Bh4 
21. Rf3 O-O-O 22. Raf1 f6 23. g5 Rh7 24. Qc3 Kb7 25. g6 Rh5 26. Rf5 Rxf5 
27. Rxf5 Rd7 28. Rh5 Bg3 29. Rh3 Bf4 30. Bxf4 exf4 31. Qd2 Qe8 32. Rh7 Ne7 
33. Qxf4 Qxg6 34. Rh6 Qg7 35. Rxf6 Qh7 36. Nd6+ Ka6 37. Qe5 Qh4 38. b5+ 
1-0

[Event "34th Chess Olympiad (men)"]
[Site "Istanbul"]
[Date "2000.11.08"]
[Round "11.47.1"]
[White "Kotronias, Vasilios"]
[Black "Matthews, Shane"]
[WhiteElo "2539"]
[BlackElo "2258"]
[WhiteCountry "CYP"]
[BlackCountry "JAM"]
[Result "1-0"]

1. e4 c5 2. Nf3 e6 3. d4 cxd4 4. Nxd4 a6 5. Bd3 Qb6 6. Be3 Qxb2 7. Nd2 Nc6 
8. O-O b5 9. N2b3 Qa3 10. c4 bxc4 11. Nxc6 dxc6 12. Qc2 Qa4 13. Bxc4 Nf6 
14. Rfd1 Be7 15. Rd4 c5 16. Bd5 cxd4 17. Bc6+ Bd7 18. Bxa4 Bxa4 19. Bxd4 O-O 
20. Qc7 Rfe8 21. Nc5 Bxc5 22. Qxc5 Nxe4 23. Qe5 Nf6 24. Qg3 Nh5 25. Qh4 e5 
26. Bxe5 Rxe5 27. Qxa4 Rae8 28. g3 R5e6 29. Rb1 Nf6 30. Rb7 h5 31. Ra7 Rd8 
32. Rxa6 Re1+ 33. Kg2 Rd2 34. Ra8+ Kh7 35. Qf4 Rd5 36. Ra7 Kg6 37. Qc7 Rd7 
38. Qc2+ 
1-0

[Event "34th Chess Olympiad (men)"]
[Site "Istanbul"]
[Date "2000.11.08"]
[Round "11.47.2"]
[White "Pitterson, Jomo"]
[Black "Antoniou, Antonis"]
[WhiteElo "2262"]
[BlackElo "2246"]
[WhiteCountry "JAM"]
[BlackCountry "CYP"]
[Result "1/2-1/2"]

1. d4 d5 2. Nf3 Nf6 3. c4 e6 4. Nc3 c6 5. e3 Bd6 6. Qc2 O-O 7. Be2 Nbd7 
8. O-O Qe7 9. e4 dxe4 10. Nxe4 Nxe4 11. Qxe4 e5 12. dxe5 Nxe5 13. b3 Nxf3+ 
14. Bxf3 Qf6 15. Bd2 Bf5 16. Qe3 Rfe8 17. Qg5 Qe5 18. Qh4 Bd3 19. Rfc1 Be7 
20. Qg3 Qxg3 21. hxg3 Ba3 22. Re1 Bb2 23. Rad1 Bc2 24. Rxe8+ Rxe8 25. Rf1 f6 
26. Be3 a5 27. Re1 Ba3 28. Kf1 a4 29. Bd1 Bd3+ 30. Be2 Bc2 31. Bd1 Bd3+ 
32. Be2 Bxe2+ 33. Rxe2 Bb4 34. Bb6 Ra8 35. bxa4 Rxa4 36. Re8+ Kf7 37. Rb8 Rxa2 
38. Rxb7+ Kg6 39. Be3 Bd2 
1/2-1/2

[Event "34th Chess Olympiad (men)"]
[Site "Istanbul"]
[Date "2000.11.08"]
[Round "11.47.4"]
[White "Rowe, Duane"]
[Black "Papatryfonos, Constantinos"]
[WhiteElo "2000"]
[BlackElo "2000"]
[WhiteCountry "JAM"]
[BlackCountry "CYP"]
[Result "1-0"]

1. e4 d5 2. exd5 Nf6 3. d4 Bg4 4. Nf3 Qxd5 5. Be2 e6 6. h3 Bh5 7. O-O Nc6 
8. c4 Qf5 9. Nc3 O-O-O 10. Be3 Bc5 11. Nh4 Bxe2 12. Qxe2 Nxd4 13. Bxd4 Qf4 
14. Bxc5 Qxh4 15. Rad1 Rde8 16. Bxa7 g5 17. Nb5 e5 18. Qf3 g4 19. Qa3 Re6 
20. Bb6 
1-0

[Event "34th Chess Olympiad (men)"]
[Site "Istanbul"]
[Date "2000.11.08"]
[Round "11.48.1"]
[White "Valiente, Cristobal"]
[Black "Cave, Christo"]
[WhiteElo "2389"]
[BlackElo "2296"]
[WhiteCountry "PAR"]
[BlackCountry "TRI"]
[Result "1-0"]

1. c4 Nf6 2. Nc3 d5 3. cxd5 Nxd5 4. g3 g6 5. Qb3 c6 6. Bg2 Nb6 7. Nf3 Bg7 
8. O-O O-O 9. d3 N8d7 10. Bf4 Nf6 11. Qc2 Nbd5 12. Bd2 Qb6 13. Na4 Qd8 
14. Rab1 Bg4 15. h3 Bxf3 16. Bxf3 Rc8 17. b4 Nd7 18. Qb3 a6 19. Rfc1 e6 
20. Bg2 h5 21. h4 Kh7 22. Nc5 Rb8 23. Ne4 Nc7 24. a4 Ne5 25. Bg5 Qd4 
26. Be7 Ng4 27. Bxf8 Rxf8 28. e3 Qd7 29. d4 Rd8 30. Qc2 Kh8 31. Nc5 Qc8 
32. Nxb7 Qxb7 33. Qxc6 Qxc6 34. Rxc6 Nd5 35. Bxd5 Rxd5 36. b5 axb5 37. axb5 e5 
38. b6 exd4 39. b7 Be5 40. exd4 Rxd4 41. f4 
1-0

[Event "34th Chess Olympiad (men)"]
[Site "Istanbul"]
[Date "2000.11.08"]
[Round "11.48.2"]
[White "Ramsingh, Yogendranath"]
[Black "Patriarca, Luis"]
[WhiteElo "2246"]
[BlackElo "2307"]
[WhiteCountry "TRI"]
[BlackCountry "PAR"]
[Result "0-1"]

1. d4 Nf6 2. Nf3 e6 3. c4 d5 4. Nc3 Bb4 5. e3 c5 6. a3 Ba5 7. cxd5 exd5 
8. Be2 O-O 9. O-O c4 10. Ne5 Bxc3 11. bxc3 Ne4 12. Bb2 f6 13. Nf3 Re8 
14. Nd2 Nxd2 15. Qxd2 Bf5 16. f3 Qc7 17. Bd1 Nc6 18. Ba4 Qa5 19. Bc2 Bxc2 
20. Qxc2 Rxe3 21. Rae1 Rae8 22. Qd2 Rxe1 23. Rxe1 Qd8 24. Kf2 Rxe1 25. Qxe1 Qe7 
26. Qb1 Qd7 27. Bc1 b6 28. Qb5 Ne5 29. Qxd7 Nxd7 30. Bf4 Kf7 31. Ke2 Ke7 
32. Kd2 Nf8 33. Bb8 Kd7 34. Kc2 Ne6 35. Kb2 Nd8 36. a4 Nc6 37. Bg3 Ne7 
38. Bb8 Kc6 39. g4 f5 40. Be5 fxg4 41. fxg4 g6 42. Ka3 Kd7 43. Bb8 Nc6 
44. Bf4 h5 45. h3 Ke6 46. Bg5 a6 47. Bh4 b5 48. axb5 axb5 49. Bf2 Kd7 
50. Be3 Kc8 51. Bf2 Kb7 52. Be3 Ka6 53. Bf2 b4+ 54. cxb4 Kb5 55. Kb2 Nxb4 
56. Bh4 Nc6 57. Kc3 Ka4 58. Bg3 Na7 59. Bf2 Nb5+ 60. Kc2 c3 61. gxh5 gxh5 
62. Be3 Kb4 63. Kd3 Kb3 64. Bc1 Na7 65. Ke3 Nc6 66. Kf4 Nxd4 67. Ke5 Kc4 
68. Kf6 Ne2 69. Bg5 d4 
0-1

[Event "34th Chess Olympiad (men)"]
[Site "Istanbul"]
[Date "2000.11.08"]
[Round "11.48.3"]
[White "Sosa, Harrison Jorge"]
[Black "Merrit, Mario"]
[WhiteElo "2256"]
[BlackElo "2159"]
[WhiteCountry "PAR"]
[BlackCountry "TRI"]
[Result "1-0"]

1. Nf3 Nf6 2. c4 e6 3. b3 d5 4. Bb2 Be7 5. g3 O-O 6. Bg2 b6 7. O-O Bb7 
8. d3 Nbd7 9. Nbd2 c5 10. cxd5 exd5 11. d4 Ne4 12. dxc5 Nxd2 13. Qxd2 bxc5 
14. Rfd1 Nf6 15. Ne1 Qb6 16. Rac1 Rfd8 17. Qe3 Qe6 18. Qxe6 fxe6 19. Nd3 Rac8 
20. Ne5 Rd6 21. Rc2 Ra6 22. Bc3 Bc6 23. Nxc6 Raxc6 24. Bxf6 Bxf6 25. e4 dxe4 
26. Bxe4 R6c7 27. Rd6 Kf7 28. Rcd2 Bd4 29. Bd3 e5 30. Bxh7 c4 31. bxc4 Rxc4 
32. h4 R4c6 33. Rd7+ Kf6 34. Be4 Rc5 35. Kg2 R8c7 36. Rd6+ Kf7 37. Kf3 Rc3+ 
38. Kg4 Ke7 39. Rg6 Ke8 40. f3 Kf8 41. Rg5 Ra3 42. Bd5 Ra4 43. Re2 Ra6 
44. Rf5+ Rf6 45. Rxf6+ gxf6 46. Kf5 Ke7 47. h5 Kd6 48. Be4 Rg7 49. Kxf6 Rxg3 
50. h6 Rh3 51. h7 a5 52. Rg2 Rxh7 53. Bxh7 e4+ 54. Kg5 exf3 55. Rc2 f2 
56. Bd3 Kd5 57. Kf4 a4 58. Kf3 a3 59. Ke2 Ke5 60. Rc4 Kd5 61. Kd1 Ke5 
62. Kc2 Kd5 63. Kb3 Bb2 64. Rf4 Bd4 65. Kxa3 Be3 66. Rf7 Kc6 67. Kb4 Kb6 
68. Rf6+ Kb7 69. Kb5 Ka7 70. Rf7+ Kb8 71. Bf1 Bd4 72. Bh3 Be3 73. Ka6 f1=Q+ 
74. Bxf1 
1-0

[Event "34th Chess Olympiad (men)"]
[Site "Istanbul"]
[Date "2000.11.08"]
[Round "11.48.4"]
[White "Harper, Ryan"]
[Black "Cubas, Jose Fernando"]
[WhiteElo "2122"]
[BlackElo "2247"]
[WhiteCountry "TRI"]
[BlackCountry "PAR"]
[Result "0-1"]

1. e4 c5 2. Nf3 d6 3. d4 cxd4 4. Nxd4 Nf6 5. Nc3 a6 6. Bc4 e6 7. Bb3 Nbd7 
8. f4 Nc5 9. f5 e5 10. Nf3 Be7 11. Be3 Nxb3 12. axb3 O-O 13. O-O b5 14. Bg5 Bb7 
15. Bxf6 Bxf6 16. Qd3 Rc8 17. Rad1 Qb6+ 18. Kh1 b4 19. Nd5 Bxd5 20. exd5 e4 
21. Qxe4 Rfe8 22. Qd3 Bxb2 23. Rde1 Bc3 24. Re4 Rxe4 25. Qxe4 Qb5 26. Rd1 Re8 
27. Qf4 Qe2 28. Rc1 Qe3 29. Qxe3 Rxe3 30. Kg1 Kf8 31. Kf2 Re7 32. Rd1 Ke8 
33. Rd3 Kd8 34. g3 h6 35. Ng1 Rc7 36. Ke2 Rc5 37. Nf3 Ra5 38. Nd4 Ra2 
39. Kd1 Ra1+ 40. Ke2 Kc7 41. Nc6 Rc1 42. Re3 Kb6 43. Kd3 Kc5 44. Re2 Rd1+ 
45. Ke3 Rxd5 46. Ne7 Re5+ 47. Kd3 d5 48. Rxe5 Bxe5 49. f6 Bxf6 50. Nf5 Be5 
51. Ne3 g6 52. Ng4 Bg7 53. Ne3 Bd4 54. Ng2 Bg1 55. h3 Kd6 56. Ke2 Ke5 
57. Ne1 Ke4 58. Nd3 a5 59. Kf1 Bb6 60. Ke2 f5 61. Ne1 Bc7 62. Kf2 Kd4 
63. g4 Kc3 64. gxf5 gxf5 65. Ke3 Bg3 66. Nf3 f4+ 67. Ke2 Kxc2 68. Nd4+ Kc3 
69. Nc6 d4 70. Nxa5 d3+ 71. Kd1 f3 72. Nc4 Bf4 73. Ke1 Kxb3 74. Nb6 Kc2 
0-1

[Event "34th Chess Olympiad (men)"]
[Site "Istanbul"]
[Date "2000.11.08"]
[Round "11.49.1"]
[White "Molale, Ojentse"]
[Black "Gluckman, David"]
[WhiteElo "2104"]
[BlackElo "2400"]
[WhiteCountry "BOT"]
[BlackCountry "RSA"]
[Result "0-1"]

1. d4 Nf6 2. c4 g6 3. Nc3 d5 4. Nf3 Bg7 5. cxd5 Nxd5 6. e4 Nb6 7. Be3 Bg4 
8. Bb5+ c6 9. Be2 O-O 10. Rc1 Bxf3 11. gxf3 e5 12. dxe5 Qxd1+ 13. Kxd1 Bxe5 
14. f4 Bg7 15. h4 N8d7 16. Rc2 Rfe8 17. h5 Bxc3 18. Rxc3 Rxe4 19. hxg6 fxg6 
20. Bc1 Rd8 21. Rd3 Ree8 22. b3 Nf8 23. Bb2 Nd5 24. Rh4 Nb4 25. Rd2 Rxd2+ 
26. Kxd2 Rd8+ 27. Ke3 Nd5+ 28. Kf3 Ne6 29. Be5 b5 30. Kg3 Ng7 31. Rh1 Nf5+ 
32. Kh3 Nde7 33. Bc3 Nd4 34. Rd1 Ne6 35. Rxd8+ Nxd8 36. a4 a6 37. Bg4 Kf7 
38. Bd7 Ne6 39. axb5 axb5 40. Kg4 Nc5 
0-1

[Event "34th Chess Olympiad (men)"]
[Site "Istanbul"]
[Date "2000.11.08"]
[Round "11.49.2"]
[White "Solomon, Kenny"]
[Black "Pitlagano, Tebogo"]
[WhiteElo "2267"]
[BlackElo "2000"]
[WhiteCountry "RSA"]
[BlackCountry "BOT"]
[Result "1-0"]

1. Nf3 Nf6 2. d4 d5 3. c4 c6 4. Nc3 e6 5. e3 Nbd7 6. Bd3 dxc4 7. Bxc4 b5 
8. Bd3 Bb7 9. O-O b4 10. Ne4 Be7 11. Nxf6+ Nxf6 12. Qe2 O-O 13. Rd1 Qb6 
14. e4 c5 15. e5 Bxf3 16. Qxf3 Nd5 17. dxc5 Qxc5 18. Qe4 g6 19. Bh6 Rfd8 
20. h4 Nb6 21. h5 Qd4 22. hxg6 hxg6 23. Qxd4 Rxd4 24. Be3 Rdd8 25. Be4 Rxd1+ 
26. Rxd1 Rc8 27. b3 Kg7 28. Kf1 Rd8 29. Rxd8 Bxd8 30. Bc5 a5 31. Bc6 Nd5 
32. Bxd5 exd5 33. Ke2 Bc7 34. f4 f6 35. exf6+ Kxf6 36. Kf3 Kf5 37. g3 Bd8 
38. Be3 Bc7 39. Bd4 Bd8 40. Ba7 Bc7 41. Be3 Bd8 42. g4+ Ke6 43. Ke2 Bc7 
44. Kd3 Bd8 45. Ba7 Bc7 46. Ke3 Bd8 47. Kd4 Bh4 48. f5+ gxf5 49. gxf5+ Kd6 
50. Bb8+ Kc6 51. Bf4 Be1 52. Ke5 Bc3+ 53. Ke6 d4 54. f6 d3 55. f7 Bg7 
56. Be3 a4 57. bxa4 Bf8 58. Ke5 Kb7 59. Kd4 Ka6 60. Kc4 Ka5 61. Kb3 Ka6 
62. Kc4 Ka5 63. Kxd3 Kxa4 64. Kc4 Bg7 65. Bc5 Ka3 66. Bxb4+ Kxa2 67. Bd6 Kb1 
68. Kd3 Ka2 69. Ke4 Kb3 70. Kf5 
1-0

[Event "34th Chess Olympiad (men)"]
[Site "Istanbul"]
[Date "2000.11.08"]
[Round "11.49.3"]
[White "Kealeboga, Baone"]
[Black "Kromhout, Ewan"]
[WhiteElo "2000"]
[BlackElo "2000"]
[WhiteCountry "BOT"]
[BlackCountry "RSA"]
[Result "0-1"]

1. e4 c5 2. Nf3 e6 3. d4 cxd4 4. Nxd4 Nc6 5. Nxc6 bxc6 6. Bd3 d5 7. O-O Nf6 
8. exd5 cxd5 9. c4 Be7 10. cxd5 Nxd5 11. Bb5+ Bd7 12. Qa4 a6 13. Bxd7+ Qxd7 
14. Qxd7+ Kxd7 15. Rd1 Bf6 16. Nd2 Rhc8 17. Ne4 Be5 18. f4 Rc4 19. Nc5+ Rxc5 
20. fxe5 Rc2 21. Kf1 Rac8 22. b3 R8c3 23. b4 Kc6 24. Bd2 Rd3 25. Ke1 Rd4 
26. a3 Re4+ 27. Kf1 Rxe5 28. Rac1 Rxc1 29. Rxc1+ Kb7 30. Re1 Rf5+ 31. Kg1 h5 
32. Rf1 Rxf1+ 33. Kxf1 Kc6 34. Ke2 Kb5 35. Kd3 f6 36. Kd4 Nb6 37. Kc3 Ka4 
38. Bc1 e5 39. h4 Kb5 40. Kd3 Nd5 41. Ke4 Ne7 42. Be3 Kc4 43. Bc5 Nc6 
44. Bf8 g6 45. Ke3 f5 46. Bd6 Kd5 47. Bf8 Kc4 48. Bd6 Kc3 49. Ke2 Nd4+ 
50. Kf2 e4 51. Ke3 Nc2+ 52. Kf4 e3 53. Kf3 Nxa3 54. Bc5 Nc2 55. Ke2 Kc4 
56. Be7 Kd4 57. Bf6+ Ke4 58. Bc3 Nd4+ 59. Kd1 Kd3 
0-1

[Event "34th Chess Olympiad (men)"]
[Site "Istanbul"]
[Date "2000.11.08"]
[Round "11.49.4"]
[White "Solomon, Maxwell"]
[Black "Salani, Polite"]
[WhiteElo "2000"]
[BlackElo "2000"]
[WhiteCountry "RSA"]
[BlackCountry "BOT"]
[Result "1/2-1/2"]

1. Nf3 Nf6 2. g3 g6 3. Bg2 Bg7 4. O-O d5 5. c4 O-O 6. cxd5 Nxd5 7. Nc3 c6 
8. a3 Nd7 9. Qc2 e5 10. d3 Re8 11. Bg5 N7f6 12. e4 Nc7 13. h3 Qd6 14. b4 Ne6 
15. Be3 Nd4 16. Nxd4 exd4 17. Bf4 Qd8 18. Na4 Be6 19. Nc5 Qc8 20. Kh2 b6 
21. Nxe6 Qxe6 22. Rfc1 Rac8 23. Qa4 Re7 24. Rc2 c5 25. Rac1 Nh5 26. Bg5 Rec7 
27. bxc5 bxc5 28. Bf3 h6 29. Bg4 f5 30. exf5 gxf5 31. Re2 Qf7 32. Re7 Rxe7 
33. Bxh5 Qxh5 34. Bxe7 Qe2 35. Qb3+ c4 36. Rxc4 Qxf2+ 37. Kh1 Qf1+ 38. Kh2 Qf2+ 
39. Kh1 Qf1+ 
1/2-1/2

[Event "34th Chess Olympiad (men)"]
[Site "Istanbul"]
[Date "2000.11.08"]
[Round "11.50.2"]
[White "Matoewi, Roger"]
[Black "Mensing, Fabio"]
[WhiteElo "2000"]
[BlackElo "2000"]
[WhiteCountry "SUR"]
[BlackCountry "AHO"]
[Result "1/2-1/2"]

1. e4 e5 2. Nf3 f5 3. Bc4 fxe4 4. Nxe5 d5 5. Qh5+ g6 6. Nxg6 hxg6 7. Qxh8 Kf7 
8. Be2 Bg7 9. Qh7 Nc6 10. O-O Nd4 11. Nc3 Nf6 12. Qh4 Nf5 13. Qf4 Nd4 
14. f3 Nxc2 15. Rb1 Nd4 16. fxe4 Nxe2+ 17. Nxe2 dxe4 18. Qxe4 
1/2-1/2

[Event "34th Chess Olympiad (men)"]
[Site "Istanbul"]
[Date "2000.11.08"]
[Round "11.50.3"]
[White "Wolf, Rudsel"]
[Black "Gajadin, Dew"]
[WhiteElo "2000"]
[BlackElo "2202"]
[WhiteCountry "AHO"]
[BlackCountry "SUR"]
[Result "1/2-1/2"]

1. e4 e5 2. Nf3 Nc6 3. Bc4 Bc5 4. b4 Bxb4 5. c3 Bc5 6. O-O Nf6 7. d4 Be7 
8. dxe5 Ng4 9. h3 Ngxe5 10. Bd5 Nxf3+ 11. Qxf3 O-O 12. Nd2 d6 13. Bb2 Be6 
14. Rab1 Ne5 15. Qe2 Bxd5 16. exd5 Bf6 17. Ne4 Be7 18. f4 Nd7 19. c4 b6 
20. Rbe1 Nf6 21. Ng5 Re8 22. Qd3 h6 23. Bxf6 hxg5 24. Bxg5 Bxg5 25. Rxe8+ Qxe8 
26. fxg5 g6 27. Qf3 Qe7 28. h4 Re8 29. h5 Qe3+ 30. Qxe3 Rxe3 31. h6 Ra3 
32. Re1 Ra4 33. Re8+ Kh7 34. Re7 Rxc4 35. Rxf7+ Kh8 36. Rf8+ Kh7 37. Rf7+ Kh8 
38. Rf8+ Kh7 39. Rf7+ Kh8 40. Rg7 
1/2-1/2

[Event "34th Chess Olympiad (men)"]
[Site "Istanbul"]
[Date "2000.11.08"]
[Round "11.50.4"]
[White "Treu, Auke"]
[Black "Maduro, Sherman"]
[WhiteElo "2000"]
[BlackElo "2230"]
[WhiteCountry "SUR"]
[BlackCountry "AHO"]
[Result "1-0"]

1. e4 e5 2. Nf3 Nc6 3. Bc4 Bc5 4. c3 Nf6 5. d4 exd4 6. cxd4 Bb4+ 7. Nc3 Nxe4 
8. O-O Bxc3 9. bxc3 d5 10. Bb5 O-O 11. Bxc6 bxc6 12. Ne5 Qf6 13. f3 Nxc3 
14. Qc2 Nb5 15. Be3 Bf5 16. Qc1 h6 17. a4 Nd6 18. Qxc6 Nc4 19. Qxf6 gxf6 
20. Nxc4 dxc4 21. Bxh6 Rfe8 22. Rfe1 c6 23. Kf2 Red8 24. g4 Bd3 25. Re7 Rxd4 
26. Be3 Rd5 27. Rxa7 Rb8 28. Rc7 Rb2+ 29. Kg3 Rd6 30. a5 c3 31. a6 Bxa6 
32. Rxa6 Rd3 33. Bf4 c2 34. Raxc6 Rbb3 35. Bc1 Rxf3+ 36. Kg2 Rfd3 37. Rxf6 Rb1 
38. Rxc2 Kg7 39. Rf1 Rb4 40. Bb2+ Kg6 41. h3 
1-0

[Event "34th Chess Olympiad (men)"]
[Site "Istanbul"]
[Date "2000.11.08"]
[Round "11.51.1"]
[White "Gentilleau, Jean-Philippe"]
[Black "Opio, Steven"]
[WhiteElo "2177"]
[BlackElo "2185"]
[WhiteCountry "MNC"]
[BlackCountry "UGA"]
[Result "1/2-1/2"]

1. Nf3 Nf6 2. c4 c5 3. Nc3 Nc6 4. g3 g6 5. Bg2 Bg7 6. O-O O-O 7. d4 cxd4 
8. Nxd4 Qb6 9. Nc2 d6 10. Ne3 Re8 11. Rb1 Be6 12. Ncd5 Bxd5 13. Nxd5 Nxd5 
14. cxd5 Ne5 
1/2-1/2

[Event "34th Chess Olympiad (men)"]
[Site "Istanbul"]
[Date "2000.11.08"]
[Round "11.51.2"]
[White "Kakooza, Kenneth"]
[Black "Farleigh, Richard"]
[WhiteElo "2200"]
[BlackElo "2199"]
[WhiteCountry "UGA"]
[BlackCountry "MNC"]
[Result "1/2-1/2"]

1. d4 g6 2. Nf3 Bg7 3. c4 d6 4. Nc3 Nd7 5. e4 e5 6. Be3 Ne7 7. Qd2 O-O 
8. Be2 c6 9. O-O f5 10. Bg5 exd4 11. Nxd4 Nf6 12. exf5 Bxf5 13. Rad1 Qd7 
14. Bh6 Bxh6 15. Qxh6 Rad8 16. Rfe1 a6 17. Bf3 Rf7 18. h3 c5 19. Nxf5 Nxf5 
20. Qg5 Kg7 21. Nd5 h6 22. Nxf6 Rxf6 23. Qg4 Nd4 24. Qxd7+ Rxd7 25. Bg4 Rdf7 
26. Rd2 h5 27. Bd1 Rf4 28. g3 R4f6 29. h4 Kh6 30. Re8 Kg7 31. Kg2 Rf8 
32. Re7+ R6f7 33. Re4 Rf6 34. Re7+ R8f7 35. Re8 Rd7 36. Rd3 b5 37. b3 bxc4 
38. bxc4 Rb7 39. Bb3 Rbf7 40. f4 Ra7 41. Rde3 Rff7 42. Rd8 Rf8 43. Rxf8 Kxf8 
44. Kh3 Re7 45. Rxe7 Kxe7 46. g4 hxg4+ 47. Kxg4 Kf6 48. Ba4 Nf5 49. Bb3 a5 
50. h5 gxh5+ 51. Kxh5 Ne3 52. Kh4 d5 53. cxd5 c4 54. Ba4 Nxd5 55. Kg3 Nc3 
56. Bc2 Nxa2 57. Kf3 Nc1 58. Ke4 Nb3 59. Kd5 Na1 60. Kxc4 Nxc2 61. Kb5 
1/2-1/2

[Event "34th Chess Olympiad (men)"]
[Site "Istanbul"]
[Date "2000.11.08"]
[Round "11.51.3"]
[White "Lebel, Patrick"]
[Black "Kantinti, Shadrack"]
[WhiteElo "2172"]
[BlackElo "2000"]
[WhiteCountry "MNC"]
[BlackCountry "UGA"]
[Result "1-0"]

1. d4 Nf6 2. Nf3 e6 3. Bf4 b6 4. e3 Bb7 5. Nbd2 Be7 6. Bd3 d5 7. Ne5 O-O 
8. Qf3 c5 9. c3 Nc6 10. Qh3 g6 11. Bh6 Re8 12. f4 Nh5 13. O-O Ng7 14. Bxg7 Kxg7 
15. Nxf7 Qc7 16. Nf3 Kxf7 17. Qxh7+ Kf8 18. Qh6+ Kg8 19. Qxg6+ Kf8 20. Qh6+ Kg8 
21. Bh7+ 
1-0

[Event "34th Chess Olympiad (men)"]
[Site "Istanbul"]
[Date "2000.11.08"]
[Round "11.51.4"]
[White "Kawuma, Stevan"]
[Black "Bussachini, Michel"]
[WhiteElo "2020"]
[BlackElo "2068"]
[WhiteCountry "UGA"]
[BlackCountry "MNC"]
[Result "1-0"]

1. e4 e5 2. Nf3 Nc6 3. Bb5 a6 4. Ba4 Nf6 5. d3 d6 6. c3 b5 7. Bb3 Be7 
8. Nbd2 O-O 9. Nf1 d5 10. Qe2 dxe4 11. dxe4 Bd6 12. Ng3 Na5 13. Bc2 h6 
14. O-O Re8 15. Rd1 Nc4 16. a4 Bg4 17. b3 Nb6 18. axb5 axb5 19. Rxa8 Nxa8 
20. Qxb5 Bxf3 21. gxf3 Qc8 22. Kg2 Kh7 23. Be3 g6 24. Qc4 Kg7 25. b4 h5 
26. Bb3 Rf8 27. h4 Nd7 28. Qd3 Nab6 29. Qd2 Rd8 30. Bh6+ Kg8 31. Bg5 
1-0

[Event "34th Chess Olympiad (men)"]
[Site "Istanbul"]
[Date "2000.11.08"]
[Round "11.52.2"]
[White "Guller, Andras"]
[Black "Camilleri, Henry"]
[WhiteElo "2141"]
[BlackElo "2156"]
[WhiteCountry "LIE"]
[BlackCountry "MLT"]
[Result "1/2-1/2"]

1. e4 e6 2. d4 d5 3. Nd2 dxe4 4. Nxe4 Nd7 5. Nf3 Be7 6. Bd3 b6 7. O-O Bb7 
8. Qe2 Ngf6 9. Nxf6+ Nxf6 10. c3 O-O 
1/2-1/2

[Event "34th Chess Olympiad (men)"]
[Site "Istanbul"]
[Date "2000.11.08"]
[Round "11.52.3"]
[White "Camilleri, Stephan J"]
[Black "Elkuch, Harald"]
[WhiteElo "2097"]
[BlackElo "2126"]
[WhiteCountry "MLT"]
[BlackCountry "LIE"]
[Result "1/2-1/2"]

1. e4 c5 2. Nf3 d6 3. d4 cxd4 4. Qxd4 a6 5. c4 Nc6 6. Qd1 Nf6 7. Nc3 e6 
8. Be2 Be7 9. O-O O-O 10. h3 Rb8 11. Be3 b6 12. Re1 Bb7 13. Bf1 Qc7 14. Rc1 Ba8 
15. Bf4 Rfd8 16. b3 Qa7 17. Qe2 Nd7 18. Red1 Nde5 19. Be3 h6 20. Nd4 Ng6 
21. g3 Bf6 22. Nxc6 Bxc6 23. Bg2 Ne7 24. Bf4 Be5 25. Be3 Qb7 26. Bd4 Nf5 
27. Bxe5 dxe5 28. Bf1 Nd4 29. Qe3 Rd7 30. Bd3 Rbd8 31. Ne2 Qc7 32. Nxd4 Rxd4 
33. Bc2 f6 34. Rxd4 exd4 35. Qe2 e5 36. Bd3 Qb7 37. a4 Rc8 38. c5 b5 39. a5 Bd7 
40. Kh2 Re8 41. g4 h5 42. f3 hxg4 43. hxg4 g6 44. Kg2 Kg7 45. Rh1 g5 
46. Kf1 Rh8 47. Rxh8 Kxh8 48. b4 Be6 49. Qc2 Qc6 50. Ke1 
1/2-1/2